Detalles MARC
| 000 -CABECERA |
| campo de control de longitud fija |
01326nam a2200313 a 4500 |
| 001 - NÚMERO DE CONTROL |
| campo de control |
000037636 |
| 003 - IDENTIFICADOR DEL NÚMERO DE CONTROL |
| campo de control |
DO-SdBNP |
| 005 - FECHA Y HORA DE LA ÚLTIMA TRANSACCIÓN |
| campo de control |
20240517110231.0 |
| 008 - DATOS DE LONGITUD FIJA--INFORMACIÓN GENERAL |
| campo de control de longitud fija |
121010s1999 sp 000 0 spa d |
| 020 ## - NÚMERO INTERNACIONAL ESTÁNDAR DEL LIBRO |
| Número Internacional Estándar del Libro |
8472328449 |
| 040 ## - FUENTE DE LA CATALOGACIÓN |
| Centro catalogador/agencia de origen |
DO-SdBNP |
| Centro/agencia modificador |
spa |
| Centro/agencia transcriptor |
BNPHU |
| 082 #4 - NÚMERO DE LA CLASIFICACIÓN DECIMAL DEWEY |
| Número de clasificación |
946.043 |
| Número de documento/Ítem |
P438o |
| Número de edición |
22 |
| 100 1# - ENTRADA PRINCIPAL--NOMBRE DE PERSONA |
| Nombre de persona |
Pérez, Antonio, |
| Fechas asociadas al nombre |
1540?-1611. |
| 9 (RLIN) |
64108 |
| 245 14 - MENCIÓN DE TÍTULO |
| Título |
Las obras y relaciones de Antonio Pérez / |
| Mención de responsabilidad, etc. |
estudio y edición facsimilar de Eva Botella Ordinas. |
| 250 ## - MENCIÓN DE EDICIÓN |
| Mención de edición |
Edición facsimilar |
| 260 ## - PUBLICACIÓN, DISTRIBUCIÓN, ETC. |
| Lugar de publicación, distribución, etc. |
Madrid : |
| Nombre del editor, distribuidor, etc. |
Ediciones de Cultura Hispánica, Agencia Española de Cooperación Internacional, |
| Fecha de publicación, distribución, etc. |
1999. |
| 300 ## - DESCRIPCIÓN FÍSICA |
| Extensión |
2 v. ; |
| Dimensiones |
18 cm. |
| 500 ## - NOTA GENERAL |
| Nota general |
Publicado anteriormente: Ginebra: I. de la Planche, 1631. |
| 505 0# - NOTA DE CONTENIDO CON FORMATO |
| Información miscelánea |
v.1 -- |
| Título |
Estudio. |
| Información miscelánea |
v.2 -- |
| Título |
Edición facsimilar |
| 534 ## - NOTA SOBRE LA VERSIÓN ORIGINAL |
| Encabezamiento principal del original |
Reimpresión. Originalmente publicado : <br/><br/><br/> |
| Publicación, distribución, etc. del original |
Geneva : I. de la Planche, 1631. |
| 600 14 - PUNTO DE ACCESO ADICIONAL DE MATERIA--NOMBRE DE PERSONA |
| Nombre de persona |
Pérez , Antonio |
| Fechas asociadas al nombre |
1611. |
| 9 (RLIN) |
64109 |
| 651 #4 - PUNTO DE ACCESO ADICIONAL DE MATERIA--NOMBRE GEOGRÁFICO |
| Nombre geográfico |
España |
| Subdivisión general |
Historia |
| Subdivisión cronológica |
Philip II, 1556-1598 |
| 9 (RLIN) |
18944 |
| 651 #4 - PUNTO DE ACCESO ADICIONAL DE MATERIA--NOMBRE GEOGRÁFICO |
| Nombre geográfico |
España |
| Subdivisión general |
Corte y cortesanos |
| Subdivisión de forma |
Biografías |
| 9 (RLIN) |
64110 |
| 700 12 - PUNTO DE ACCESO ADICIONAL--NOMBRE DE PERSONA |
| Nombre de persona |
Botella Ordinas, Eva |
| 9 (RLIN) |
64111 |
| 700 12 - PUNTO DE ACCESO ADICIONAL--NOMBRE DE PERSONA |
| Nombre de persona |
Planche, Juan de la |
| 9 (RLIN) |
64112 |
| 740 02 - PUNTO DE ACCESO ADICIONAL--TÍTULO RELACIONADO O ANALÍTICO NO CONTROLADO |
| Título relacionado o analítico no controlado |
Obras y relaciones de Ant. Perez Secretario de Estado, que fue del Rey de España Don Phelippe II deste nombre |
| 910 ## - DATOS DE OPCIÓN DEL USUARIO (OCLC) |
| Datos de opción del usuario |
Validado. Control de calidad MFF |
| 942 ## - ELEMENTOS DE PUNTO DE ACCESO ADICIONAL (KOHA) |
| Fuente del sistema de clasificación o colocación |
Dewey Decimal Classification |
| Tipo de ítem Koha |
Libro |